[Event "Open A Gorges"]
[Site "?"]
[Date "2019.07.07"]
[Round "4"]
[White "THAS, Fabrice"]
[Black "BEAUMONT, Jean-François"]
[Result "1-0"]
[WhiteElo "1738"]
[BlackElo "1578"]
[PlyCount "91"]

1. b3 e5 2. Bb2 Nc6 3. e3 Nf6 4. c4 d6 5. Nc3 Bf5 6. d3 g6 7. g3 Bg7 8. Bg2 Qd7
9. Nge2 Nb4 10. Nc1 c6 11. a3 Na6 12. b4 Nc7 13. b5 cxb5 14. Bxb7 Rb8 15. Bg2
bxc4 16. Ra2 cxd3 17. Nxd3 O-O 18. O-O Bh3 19. Ba1 Bxg2 20. Kxg2 Nb5 21. Ne2
Qe6 22. Rd2 Nxa3 23. Qa4 Nc4 24. Rdd1 Qg4 25. Qa2 h5 26. h3 Qe4+ 27. Kh2 h4 28.
g4 Rfc8 29. Nc3 Qc6 30. Ne2 Bh6 31. Rg1 Ne4 32. Rg2 Bxe3 33. fxe3 Nxe3 34. Rc1
Nc3 35. Nxc3 Nxg2 36. Qxg2 Qa6 37. Qd2 Qa5 38. Rd1 Qc7 39. Ne4 Qc2 40. Nxd6
Qxd2+ 41. Rxd2 Rd8 42. Nxe5 Rb6 43. Nec4 Rc6 44. Bf6 Rd7 45. g5 a5 46. Re2 1-0

[Event "Open A Gorges"]
[Site "?"]
[Date "2019.07.07"]
[Round "4"]
[White "RINEAU, Nathan"]
[Black "CHAILLOU, Vincent"]
[Result "1-0"]
[WhiteElo "1706"]
[BlackElo "1647"]
[PlyCount "123"]

1. c4 e5 2. Nc3 Nf6 3. Nf3 Nc6 4. g3 Bc5 5. Bg2 O-O 6. O-O a6 7. b3 d6 8. Bb2
Bf5 9. d3 Qd7 10. Nd5 Ne8 11. d4 exd4 12. Nxd4 Nxd4 13. Bxd4 Bxd4 14. Qxd4 Bh3
15. Rfd1 Bxg2 16. Kxg2 f5 17. c5 Nf6 18. Nxf6+ Rxf6 19. Qd5+ Kf8 20. Qxb7 Qc8
21. Qxc8+ Rxc8 22. Rac1 Ke7 23. cxd6+ Rxd6 24. Rxd6 Kxd6 25. Kf3 g5 26. h4 h6
27. hxg5 hxg5 28. Rh1 Ke5 29. g4 Rf8 30. gxf5 Rxf5+ 31. Ke3 Rf6 32. Rc1 Kd6 33.
Rc4 c5 34. Rg4 Re6+ 35. Kd3 Rg6 36. f4 Kc6 37. Rxg5 Rd6+ 38. Kc3 a5 39. f5 Rd4
40. e3 Rh4 41. f6 Rh3 42. Rf5 Rxe3+ 43. Kc4 Re4+ 44. Kd3 Rd4+ 45. Kc3 Rd8 46.
f7 Rf8 47. Kc4 a4 48. Rxc5+ Kb6 49. Rf5 axb3 50. axb3 Kc6 51. b4 Kd6 52. Kb5
Ke6 53. Rf1 Ke7 54. Kc6 Rc8+ 55. Kb7 Rf8 56. b5 Kd6 57. b6 Kd7 58. Ka7 Kc6 59.
b7 Kc7 60. Rc1+ Kd7 61. b8=Q Rxf7 62. Rc7+ 1-0

[Event "Open A Gorges"]
[Site "?"]
[Date "2019.07.07"]
[Round "5"]
[White "KOLLAR, Romain"]
[Black "LE PEN, Steven"]
[Result "1/2-1/2"]
[WhiteElo "2189"]
[BlackElo "2094"]
[PlyCount "54"]

1. e4 c5 2. Nf3 d6 3. d4 cxd4 4. Nxd4 Nf6 5. Nc3 Nc6 6. f3 e5 7. Nb3 Be7 8. Be3
Be6 9. Nd5 Bxd5 10. exd5 Nb8 11. Qd2 O-O 12. Be2 Nbd7 13. Na5 Qc7 14. O-O Nh5
15. c4 f5 16. b4 Bh4 17. Rac1 f4 18. Bf2 Bxf2+ 19. Rxf2 Qb6 20. c5 dxc5 21.
bxc5 Nxc5 22. d6 Nd7 23. Rc7 Nhf6 24. Rxb7 Qc5 25. Rc7 Qb6 26. Rb7 Qc5 27. Rc7
Qb6 1/2-1/2

[Event "Open A Gorges"]
[Site "?"]
[Date "2019.07.07"]
[Round "5"]
[White "JAULIN, Philippe"]
[Black "MUNKHBAYAR, Janjaardorj"]
[Result "1-0"]
[WhiteElo "2071"]
[BlackElo "1952"]
[PlyCount "79"]

1. e4 c5 2. Nf3 Nc6 3. d4 cxd4 4. Nxd4 Nf6 5. Nc3 e5 6. Ndb5 d6 7. Nd5 Nxd5 8.
exd5 Ne7 9. c4 Nf5 10. Bd3 Be7 11. O-O O-O 12. Kh1 g6 13. f4 exf4 14. Bxf4 a6
15. Nc3 Bf6 16. g4 Ng7 17. Ne4 Be7 18. c5 f5 19. Nxd6 fxg4 20. Bc4 Rxf4 21.
Rxf4 Bxd6 22. cxd6 Qxd6 23. Qd2 Bf5 24. Re1 b5 25. Bb3 g3 26. Qb4 Qxb4 27. Rxb4
gxh2 28. d6+ Kh8 29. Rd4 Rd8 30. Kxh2 Bd7 31. Rdd1 h5 32. Bc2 Kh7 33. Rg1 Bg4
34. Rd2 Kh6 35. Re1 Bd7 36. Re7 g5 37. Rf2 h4 38. Rf6+ Kh5 39. Bg6+ Kg4 40.
Re4# 1-0

[Event "Open A Gorges"]
[Site "?"]
[Date "2019.07.07"]
[Round "5"]
[White "PRIMEL, Dominique"]
[Black "CROUAN, Stéphane"]
[Result "0-1"]
[WhiteElo "1916"]
[BlackElo "2178"]
[PlyCount "88"]

1. Nf3 c5 2. c4 Nc6 3. Nc3 g6 4. e3 Bg7 5. d4 cxd4 6. exd4 d6 7. d5 Ne5 8. Be2
h5 9. Nxe5 Bxe5 10. Qb3 Nh6 11. Bxh6 Rxh6 12. h4 Kf8 13. g3 a6 14. O-O Kg7 15.
Rad1 Bf5 16. Bd3 Bxd3 17. Rxd3 Qc7 18. f4 Bf6 19. Ne4 Rhh8 20. Nxf6 exf6 21.
Re1 Rac8 22. Rc3 Qc5+ 23. Kg2 Rhe8 24. Qd1 Rxe1 25. Qxe1 Qd4 26. Qe2 b5 27.
cxb5 Rxc3 28. bxc3 Qxd5+ 29. Kh2 axb5 30. Qb2 Qd3 31. Kg2 Kf8 32. Kh2 Ke7 33.
Kg2 Ke6 34. Qb3+ d5 35. a4 Qe4+ 36. Kh2 Qxa4 37. Qb2 Qc4 38. Qd2 Kf5 39. Qc2+
Qe4 40. Qd2 Ke6 41. Qa2 Qd3 42. Qa6+ Kf5 43. Qc6 Kg4 44. Qd7+ f5 0-1

[Event "Open A Gorges"]
[Site "?"]
[Date "2019.07.07"]
[Round "5"]
[White "BOURDEAUX, Gabin"]
[Black "PASCAL, Jonathan"]
[Result "0-1"]
[WhiteElo "2050"]
[BlackElo "1842"]
[PlyCount "110"]

1. e4 c5 2. Nf3 e6 3. d4 cxd4 4. Nxd4 a6 5. Bd3 Nf6 6. O-O Qc7 7. Nc3 d6 8. Kh1
Be7 9. f4 O-O 10. Qe2 Nbd7 11. f5 e5 12. Nb3 b5 13. Qf2 Bb7 14. a3 d5 15. exd5
Nxd5 16. Nxd5 Bxd5 17. Qg3 f6 18. Bh6 Rf7 19. Nd2 Nc5 20. Be3 Nxd3 21. cxd3 Qc2
22. Ne4 Bxe4 23. dxe4 Qxe4 24. Rac1 Qb7 25. Qh4 Rc8 26. Rf3 Rxc1+ 27. Bxc1 Qd5
28. Be3 Qd1+ 29. Bg1 Bc5 30. Rf2 Rd7 31. h3 Rd2 32. Kh2 Bxf2 33. Bxf2 Qe2 34.
Kg1 Rxb2 35. Qg3 Qd1+ 36. Kh2 Rb3 37. Qh4 Rd3 38. Qe4 Rd8 39. Qc6 Qd6 40. Qc2
e4+ 41. Bg3 Qd3 42. Qc6 e3 43. Bc7 Qd7 44. Qc3 Re8 45. Bg3 Qxf5 46. Qc6 Qe6 47.
Qc3 e2 48. Qe1 Rd8 49. Qa5 Rd1 50. Be1 Qe5+ 51. g3 Qd6 52. Bf2 Qd2 53. Qxa6
e1=Q 54. Qa8+ Kf7 55. Qd5+ Kg6 0-1

[Event "Open A Gorges"]
[Site "?"]
[Date "2019.07.07"]
[Round "5"]
[White "MAUGIN, Nerada"]
[Black "RINEAU, Nathan"]
[Result "1-0"]
[WhiteElo "1853"]
[BlackElo "1706"]
[PlyCount "67"]

1. e4 c6 2. d4 d5 3. e5 Bf5 4. Nf3 e6 5. Be2 Nd7 6. Nbd2 h6 7. O-O g5 8. Ne1
Ne7 9. Nb3 Qc7 10. Be3 O-O-O 11. a4 a5 12. Nd3 Ng6 13. Qd2 b6 14. Ne1 h5 15.
Bxg5 f6 16. exf6 Bd6 17. f4 Rdf8 18. Nd3 Nxf6 19. Bxf6 Rxf6 20. Ne5 Bf8 21. Nc1
Nxe5 22. fxe5 Rg6 23. Bd3 Bh6 24. Qe1 Rhg8 25. g3 Bxd3 26. Nxd3 h4 27. Rf3 Qg7
28. Kg2 Rg4 29. Qf2 Re4 30. h3 Be3 31. Rxe3 hxg3 32. Rxg3 Qxg3+ 33. Qxg3 Re2+
34. Nf2 1-0

[Event "Open A Gorges"]
[Site "?"]
[Date "2019.07.07"]
[Round "5"]
[White "CHAILLOU, Vincent"]
[Black "CHABRADZE, Boris"]
[Result "1-0"]
[WhiteElo "1647"]
[BlackElo "2121"]
[PlyCount "47"]

1. e4 c5 2. d4 cxd4 3. c3 d3 4. Bxd3 e5 5. Nf3 d6 6. Be3 Nf6 7. h3 Be7 8. O-O
O-O 9. c4 h6 10. Nc3 Be6 11. Rc1 Nbd7 12. Qe2 a6 13. Bb1 Rc8 14. b3 Qa5 15.
Rfd1 b5 16. Nd2 bxc4 17. Nxc4 Qb4 18. f4 Bxc4 19. bxc4 exf4 20. Bxf4 Rxc4 21.
a3 Qc5+ 22. Be3 Qc6 23. Nd5 Nxd5 24. exd5 1-0

[Event "Open A Gorges"]
[Site "?"]
[Date "2019.07.07"]
[Round "5"]
[White "HENRY, Florent"]
[Black "THAS, Fabrice"]
[Result "1-0"]
[WhiteElo "2022"]
[BlackElo "1738"]
[PlyCount "97"]

1. e4 d6 2. d4 Nf6 3. Nc3 g6 4. h4 Bg7 5. Bg5 h6 6. Be3 b6 7. e5 dxe5 8. dxe5
Qxd1+ 9. Rxd1 Ng4 10. Bd4 Bxe5 11. Bxe5 Nxe5 12. Nd5 O-O 13. Nxc7 Bb7 14. Nxa8
Bxa8 15. Nh3 Nbc6 16. c3 Kg7 17. Be2 h5 18. O-O Rc8 19. Nf4 e6 20. Nd3 Rc7 21.
Nxe5 Nxe5 22. Rfe1 Kf6 23. Rd4 Ke7 24. Bb5 Ng4 25. Red1 Nf6 26. Rc4 Rxc4 27.
Bxc4 Bc6 28. f3 b5 29. Be2 Nd5 30. Kf2 Nb6 31. g4 Nd5 32. c4 bxc4 33. Bxc4 Nf4
34. b4 e5 35. b5 Bb7 36. Bxf7 hxg4 37. fxg4 Bc8 38. Bd5 Bxg4 39. Bf3 Be6 40.
Rd2 Bc8 41. a4 Bf5 42. a5 Nd3+ 43. Ke3 Nc5 44. Rd5 Nd7 45. b6 Nxb6 46. axb6
axb6 47. Rb5 Kf6 48. Rxb6+ Kg7 49. Be4 1-0

[Event "Open A Gorges"]
[Site "?"]
[Date "2019.07.07"]
[Round "5"]
[White "BEAUMONT, Jean-François"]
[Black "CAMUS, Harold"]
[Result "1-0"]
[WhiteElo "1578"]
[BlackElo "1643"]
[PlyCount "43"]

1. e4 e5 2. Nf3 Nc6 3. d4 exd4 4. Nxd4 Bc5 5. Nb3 Bb6 6. Qe2 Nge7 7. Nc3 O-O 8.
Be3 d5 9. O-O-O Be6 10. f4 d4 11. Nb5 Bxb3 12. cxb3 a6 13. Na3 Nb4 14. Qc4 Nec6
15. Nc2 Nxc2 16. Kxc2 Qe7 17. Bd2 Qxe4+ 18. Bd3 Qxg2 19. Rhg1 Qh3 20. Qd5 Rad8
21. Rxg7+ Kxg7 22. Qg5+ 1-0